| 000 | 00528nam a2200169Ia 4500 | ||
|---|---|---|---|
| 008 | 180207s9999 xx 000 0 und d | ||
| 020 | _a9789715162425 | ||
| 050 | _bB186 2006 | ||
| 100 | _aBalingit, Purificacion C. | ||
| 245 | _aVilma's vineyard workers / | ||
| 245 | _cPurificacion C. Balingit ; illustrated by Larry A. Diolola ; collors by Lloyd Guiller D. Ybera. | ||
| 260 | _aPhilippines : | ||
| 260 | _bMerryland Publishing Corporation. | ||
| 260 | _c2006 | ||
| 300 | _aunpaged : | ||
| 300 | _bcolor illustrations ; | ||
| 999 |
_c355895 _d355895 |
||